00698nam a22001697a 450000500170000001000130001702000260003003500110005603700130006708200100008010000260009024501530011624600990026926000520036827000870042030000210050720190621151841.0 aUR-10230 c176.00a9789386486387 aU-8785 bDBAD/PUB a305.4 aآ منہ تبسم  aخا ند ا نی عد م تو ا ز ن :ا سبا ب و عو ا مل ا و ر خو ا تين پر ا نکے ا ثر ا ت cآ منہ تبسم  bKhandani Adam Tawazun Asbab wa Awamil Aur Khawateen PerUnke Asraat (Urdu)aby Amena Tabassum  a DelhibEducational Publishing Housec2016 ء  a3191،Vakil Street,Kucha Pandit,Lal Kuan,bDelhie110006k23216162l00911123211540 a159صc22 Cm(Hb)